| 000 | 01317cpcaa2200301 a 4500 | ||
|---|---|---|---|
| 001 | mm 79004467 | ||
| 003 | DLC | ||
| 005 | 20260227111646.0 | ||
| 008 | 791217|||||||||||| eng | ||
| 010 | _amm 79004467 | ||
| 040 |
_aDLC _cDLC _edacs _dDLC |
||
| 072 | 7 |
_aC _2lcmd |
|
| 100 | 1 |
_aStringer, Samuel, _d1734-1817. |
|
| 245 | 0 | 0 |
_aSamuel Stringer correspondence, _f1775 October 10. |
| 300 |
_a1 _fitem. |
||
| 506 | 0 | _aOpen to research. | |
| 520 | 8 | _aALS written by Stringer to Walter Livingston, commissary general for New York state, requesting furnishings for the hospital at Fort George, New York, N.Y. | |
| 546 | _aCollection material in English. | ||
| 580 | _aForms part of: Miscellaneous Manuscripts collection. | ||
| 600 | 1 | 0 |
_aLivingston, Walter, _d1740-1797 _vCorrespondence. |
| 651 | 0 | _aFort George (New York, N.Y.) | |
| 651 | 0 |
_aNew York (N.Y.) _xHistory _yRevolution, 1775-1783 _xHospitals. |
|
| 651 | 0 |
_aNew York (State) _xHistory _yRevolution, 1775-1783 _xSupplies and stores. |
|
| 651 | 0 |
_aUnited States _xHistory _yRevolution, 1775-1783 _xHospitals. |
|
| 651 | 0 |
_aUnited States _xHistory _yRevolution, 1775-1783 _xSupplies and stores. |
|
| 999 |
_c41540 _d41540 |
||